000 00602nam a22001937a 4500
003 SISC
005 20160622154630.0
008 160622b xxu||||| |||| 00| 0 eng d
020 _a9780547618401
082 _aPN 6014 H758 2012
110 _aHolt McDougal.
245 _aHolt McDougal literature.
_bGrade 10 /
_cHolt McDougal.
260 _aFL, USA :
_bHoughton Mifflin Harcourt Publishing,
_cc2012.
300 _a1365 p. :
_bcol. ill. ;
_c27 cm.
650 _aLiterature--Textbooks.
650 _aLiterature--Study and teaching (Secondary).
650 _aLiterature.
942 _2lcc
_cBK
999 _c296186
_d296186